Biggest Cities in Europe in 1850 - Statistics

General Stats
  • This quiz has been taken 44 times
  • The average score is 69 of 112
Answer Stats
Population Country City % Correct
2,313,086 United Kingdom London
100%
421,355 Prussia Berlin
98%
227,666 United Kingdom Birmingham
98%
667,222 Ottoman Empire Constantinople
98%
369,680 Russian Empire Moscow
98%
1,053,467 France Paris
98%
487,300 Russian Empire Saint Petersburg
98%
1,616,125 Austrian Empire Vienna
98%
324,062 United Kingdom Glasgow
95%
278,973 United Kingdom Manchester
95%
447,383 Two-Sicilies Naples
95%
205,143 Papal States Rome
95%
224,000 Netherlands Amsterdam
93%
367,008 United Kingdom Liverpool
93%
206,339 Austrian Empire Pest-Buda
93%
223,273 France Lyon
91%
223,409 Spain Madrid
91%
192,844 France Marseille
91%
175,000 Spain Barcelona
88%
185,542 United Kingdom Edinburgh
88%
247,212 United Kingdom Leeds
86%
175,711 Portugal Lisbon
84%
179,548 Two-Sicilies Palermo
84%
129,695 Denmark Copenhagen
81%
246,484 United Kingdom Dublin
81%
100,482 Bavaria Munich
81%
141,732 Belgium Brussels
79%
146,648 Tuscany Florence
79%
170,277 - Hamburg
79%
52,727 Russia Kiev
79%
118,000 Austrian Empire Prag
79%
163,600 Russian Empire Varshava
79%
102,885 Belgium Antwerp
77%
102,080 Wallachia Bucharest
77%
92,033 Netherlands Rotterdam
77%
148,611 Sardinia-Piedmont Turin
77%
158,431 United Kingdom Bristol
74%
65,493 Austrian Empire Graz
74%
78,992 United Kingdom Newcastle
74%
75,556 Portugal Porto
74%
106,915 Spain Seville
74%
172,865 United Kingdom Sheffield
74%
134,190 France Bordeaux
72%
93,074 Prussia Cologne
72%
185,000 Austrian Empire Milan
72%
72,000 Netherlands The Hague
72%
100,502 Kingdom of Saxony Dresden
70%
62,980 - Frankfurt
70%
110,881 Sardinia-Piedmont Genoa
70%
51,263 Württemberg Stuttgart
70%
93,495 France Toulouse
70%
120,207 Austrian Empire Venice
67%
63,996 United Kingdom Leicester
65%
77,510 France Lille
65%
51,825 Bavaria Nuremberg
65%
74,850 France Strasbourg
65%
76,985 United Kingdom Aberdeen
63%
94,368 Papal States Bologna
63%
56,059 - Bremen
63%
109,385 Belgium Ghent
63%
66,667 Prussia Danzig
60%
147,667 Prussia Breslau
58%
52,868 United Kingdom Plymouth
58%
71,297 United Kingdom Portsmouth
58%
63,678 United Kingdom Brighton
56%
82,434 United Kingdom Cork
56%
63,993 Russian Empire Kazan
56%
82,149 Spain Málaga
56%
95,952 France Nantes
56%
89,114 Russia Odessa
56%
51,211 Austria-Hungary Brünn
53%
63,482 Two-Sicilies Catania
53%
65,414 Spain Granada
53%
57,402 United Kingdom Kingston-upon-Hull
53%
79,473 Austria-Hungary Lemberg
53%
97,627 Belgium Liège
53%
64,309 Russia Riga
53%
59,004 Austrian Empire Verona
51%
50,285 Spain Zaragoza
51%
79,342 Prussia Königsberg
49%
97,074 Two-Sicilies Messina
49%
65,161 United Kingdom Norwich
49%
77,083 Ottoman Empire Selanik
49%
50,831 Ottoman Empire Adrianople
47%
100,071 France Rouen
47%
60,092 France Brest
44%
63,767 United Kingdom Dundee
44%
56,522 United Kingdom Stoke-on-Trent
44%
184,890 United Kingdom Bradford
42%
57,358 Prussia Magdeburg
40%
68,167 France Toulon
40%
52,134 Austrian Empire Padua
37%
62,929 Spain Cádiz
35%
54,725 France Saint-Étienne
33%
91,287 United Kingdom Sunderland
33%
104,312 United Kingdom Bolton
30%
54,199 Prussia Potsdam
30%
51,637 France Amiens
28%
53,042 Prussia Aachen
26%
83,899 Tuscany Livorno
26%
53,564 | 53,595 France Nîmes
23%
67,677 United Kingdom Preston
23%
55,128 Russian Empire Kishinev
21%
53,332 Austrian Empire Ferrara
16%
50,340 Austria-Hungary Szeged
16%
51,798 United Kingdom Oldham
14%
50,056 Russian Empire Saratov
14%
106,965 United Kingdom Salford
12%
75,714 Ottoman Empire Heraklion
9%
61,667 Russian Empire Vilna
7%
54,903 United Kingdom Gateshead
5%
No matching quizzes found
Score Distribution
Percent of People with Each Score
Percentile by Number Answered
Your Score History
You have not taken this quiz